[Event "Tres Cantos op 3rd"]
[Site "Tres Cantos"]
[Date "2011.06.28"]
[Round "7"]
[White "Cabrera Fernandez, Daniel"]
[Black "Blanco Sanchez, Jose Fernando"]
[Result "0-1"]
[WhiteElo "1854"]
[BlackElo "2129"]
[PlyCount "140"]
[EventDate "2011.06.22"]
[EventType "swiss"]
[EventRounds "9"]
[EventCountry "ESP"]
[SourceTitle "EXT 2012"]
[Source "ChessBase"]
[SourceDate "2011.11.24"]
[SourceVersion "1"]
[SourceVersionDate "2011.11.24"]
[SourceQuality "1"]

1. e4 g6 2. d4 Bg7 3. c4 d6 4. Nc3 Nf6 5. f3 0-0 6. Be3 e5 7. d5 Nbd7 8. Bd3 Ne8 9. Rc1 a5 10. a3 f5 11. Nge2 f4 12. Bf2 Ndf6 13. b4 axb4 14. axb4 g5 15. Ra1 Rxa1 16. Qxa1 c6 17. dxc6 bxc6 18. Qa5 Qd7 19. b5 g4 20. b6 gxf3 21. gxf3 Bb7 22. h4 Nh5 23. c5 dxc5 24. Bc4+ Kh8 25. Na4 Nd6 26. Nxc5 Nxc4 27. Nxd7 Nxa5 28. Nxf8 Bxf8 29. Kd2 Bb4+ 30. Kc2 Nf6 31. Rg1 c5 32. Rd1 Kg8 33. Nc3 Nc4 34. Na2 Ba5 35. Bxc5 Bxb6 36. Bxb6 Nxb6 37. Rd8+ Kf7 38. Rb8 Bxe4+ 39. fxe4 Nbd7 40. Rb4 Kg6 41. Kd2 Kh5 42. Ke2 Kg4 43. Nc1 Nc5 44. Nd3 f3+ 45. Ke3 Nxd3 46. Kxd3 Kg3 47. Rb7 h5 48. Re7 f2 49. Ke2 Kg2 50. Rg7+ Ng4 51. Rf7 Kh3 52. Rf5 Kxh4 53. Rf3 f1Q+ 54. Rxf1 Kg3 55. Rf3+ Kg2 56. Rf5 h4 57. Rg5 Kg3 58. Kf1 Kf4 59. Rh5 Kg3 60. Rh8 Nh2+ 61. Ke2 h3 62. Rf8 Ng4 63. Rf3+ Kg2 64. Rf5 h2 65. Rh5 h1Q 66. Rxh1 Kxh1 67. Kf3 Nh6 68. Kg3 Kg1 69. Kh4 Kf2 70. Kg5 Nf7+ 0-1

[Event "Tres Cantos op 2nd"]
[Site "Tres Cantos"]
[Date "2010.06.21"]
[Round "3"]
[White "Cano Cabanillas, Javier"]
[Black "Cabrera Fernandez, Daniel"]
[Result "1/2-1/2"]
[WhiteElo "1960"]
[BlackElo "1778"]
[PlyCount "75"]
[EventDate "2010.06.19"]
[EventType "swiss"]
[EventRounds "9"]
[EventCountry "ESP"]
[SourceTitle "CBM 137 Extra"]
[Source "ChessBase"]
[SourceDate "2010.09.01"]
[SourceVersion "1"]
[SourceVersionDate "2010.09.01"]
[SourceQuality "1"]

1. e4 c5 2. d4 cxd4 3. c3 dxc3 4. Nxc3 Nc6 5. Nf3 d6 6. Bc4 Nf6 7. 0-0 Bg4 8. Bg5 Nd7 9. Be3 Nde5 10. Nxe5 Nxe5 11. Bb5+ Bd7 12. Rc1 e6 13. Qe2 a6 14. Bxd7+ Nxd7 15. Rfd1 Be7 16. Bf4 Bg5 17. Qd2 Bxf4 18. Qxf4 Ne5 19. b3 0-0 20. Qd2 Qa5 21. Ne2 Qxd2 22. Rxd2 Rfd8 23. Rc7 Rab8 24. f4 Nc6 25. Nd4 Nxd4 26. Rxd4 Kf8 27. Rb4 b5 28. Rc6 a5 29. Rd4 Ke7 30. Ra6 Ra8 31. Rb6 b4 32. Kf2 Rac8 33. Ke2 d5 34. exd5 Rc2+ 35. Kd3 Rxg2 36. d6+ Kf6 37. Kc4 Rxh2 38. Kb5 1/2-1/2